Statistics for Ballon d'or winners by picture

Click here to take the quiz!

General Stats

  • This quiz has been taken 92 times
  • The average score is 22 of 43

Answer Stats

Answer% Correct
Ronaldinho
89%
Fabio Cannavaro
87%
Ronaldo
87%
Cristiano Ronaldo
86%
Lionel Messi
86%
Zinedine Zidane
86%
Johan Cruyff
83%
Luka Modric
83%
Eusebio
82%
Kaka
80%
Luis Figo
80%
Michel Platini
80%
Roberto Baggio
79%
George Weah
77%
Ruud Gullit
76%
Bobby Charlton
75%
Pavel nedved
75%
Franz Beckenbauer
72%
Marco van Basten
72%
Rivaldo
66%
Alfredo di Stefano
65%
George Best
65%
Lothar Matthaus
59%
Michael Owen
59%
Hristo Stoichkov
42%
Gerd Muller
41%
Karl-Heinz Rummenigge
34%
Kevin Keegan
28%
Matthias Sammer
27%
Paolo Rossi
27%
Allan Simonsen
25%
Denis Law
24%
Luis Suarez
24%
Stanley Matthews
24%
Lev Yashin
21%
Raymond Kopa
13%
Jean-Pierre Papin
11%
Gianni Rivera
10%
Omar Sivori
8%
Andrei Shevchenko
7%
Florian Albert
7%
Igor Belanov
7%
Josef Masopust
4%

Score Distribution

Percentile by Number Answered

Percent of People with Each Score

Your Score History

You have not taken this quiz